| 000 | 00908cam a2200325 4500 | ||
|---|---|---|---|
| 001 | 1242849 | ||
| 003 | OSt | ||
| 005 | 20140310182719.0 | ||
| 008 | 730515s1973 nyu 001 0 eng | ||
| 010 | _a 72009394 | ||
| 020 | _a060459743 | ||
| 040 |
_aDLC _cDLC _dDLC |
||
| 050 | 0 | 0 |
_aPE 1408 _b.Sh534 1973 |
| 082 | 0 | 0 |
_aM 808 _bSh2 1980 |
| 082 | 0 | 0 |
_aM 808.04 _2Sh2 1980 |
| 100 | 1 |
_aShaw, Harry, _d1905- |
|
| 245 | 1 | 2 | _aA complete course in freshman English / |
| 250 | _a7th ed. | ||
| 260 |
_aNew York, _bHarper & Row _c[1973] |
||
| 300 |
_axxii, 836 p. _c24 cm. |
||
| 521 | _aCollege Students | ||
| 526 | _c1210L-1700L | ||
| 541 | _j1, 2 | ||
| 562 | _e1 | ||
| 650 | 0 |
_aEnglish language _xRhetoric. |
|
| 650 | 0 |
_aEnglish language _xGrammar _xProblems, exercises, etc. |
|
| 650 | 0 | _aCollege readers. | |
| 906 |
_a7 _bcbc _corignew _d2 _eocip _f19 _gy-gencatlg |
||
| 942 |
_2lcc _cBK _kM |
||
| 999 |
_c15317 _d15317 |
||